00671nam a2200193Ia 4500003000900000008004100009020001800050040001600068080002300084245015400107260003000261300001400291490005100305650002600356650001800382700002600400700002600426700002500452IN-BaIIA211028s9999 xx 000 0 eng d a1-4020-3406-7 cIIA Library a52(082.1)bASS-327 4aThe initial mass function 50 years latercedited by Edvige Corbelli, Francesco Palla and Hans Zinnecker  aDordrechtbSpringerc2005 axx, 543p. aAstrophysics and space science library; v. 327 aInitial mass function aStar clusters aCorbelli, Edvige, ed. aPalla, Francesco, ed. aZinnecker, Hans, ed.